Corporate identity in Slovak automotive industry - example of Volkswagen

Gespeichert in:
Bibliographische Detailangaben
1. Verfasser: Šimorová, Lenka
Format: Buchkapitel
Sprache:Englisch
Schlagworte:
Tags: Tag hinzufügen
Keine Tags, Fügen Sie das erste Tag hinzu!

MARC

LEADER 00000nla a2200000 4500
001 0166113
005 20240502072908.6
041 0 |a eng 
044 |a SK 
245 1 0 |a Corporate identity in Slovak automotive industry - example of Volkswagen  |c Lenka Šimorová 
610 2 0 |a priemysel automobilový 
610 2 0 |a Slovensko 
610 2 0 |a identita podniková 
610 2 0 |a kultúra podniková 
610 2 0 |a komunikácia firemná 
100 1 |a Šimorová, Lenka